| 000 | 00425nam a2200157Ia 4500 | ||
|---|---|---|---|
| 008 | 231217s9999 xx 000 0 und d | ||
| 041 | _aEnglish | ||
| 082 | _a510.02462 PIP | ||
| 100 | _aPipes, Louis A Harvill, Lawrence R | ||
| 245 | 0 | _aApplied mathematics for engineers and physicists | |
| 250 | _a3rd ed. | ||
| 260 |
_c1987 _bM H book com., |
||
| 300 | _axxiii+1015 | ||
| 650 | _aApplied mathematics | ||
| 942 | _cAA | ||
| 999 |
_c160276 _d160276 |
||